Países más cercanos a Nicaragua - ¡Muerte súbita! - Estadísticas

Estadísticas generales
  • Esta prueba ha sido intentada 51 veces
  • La puntuación promedio es 7 de 15
Answers on the Grid
Answers color-coded by a green-red scale on the quiz's grid according to % correct below.
Costa Rica
Honduras
El Salvador
Guatemala
Panamá
Colombia
Belice
México
Cuba
Jamaica
Ecuador
Estados Unidos
Haití
Venezuela
Bahamas
Perú
Guyana
Surinam
Brasil
Bolivia
Paraguay
Uruguay
Argentina
República Dominicana
San Cristóbal y Nieves
Dominica
Barbados
Islas Marshall
Nueva Zelanda
Malí
 
Estadísticas de respuestas
Respuesta % Correcto
Costa Rica
81%
Honduras
75%
El Salvador
69%
Panamá
69%
Guatemala
63%
Belice
56%
México
50%
Colombia
38%
Cuba
38%
Jamaica
38%
Haití
31%
Bahamas
19%
Estados Unidos
13%
Venezuela
13%
Ecuador
6%
No se encontraron pruebas coincidentes
Distribución de puntuación
Porcentaje de gente con cada puntuación
Porcentaje por número respondido
Historial de tus puntuaciones
No has intentado esta prueba.